| 000 | 00448nam a2200169 a 4500 | ||
|---|---|---|---|
| 001 | 1683 | ||
| 005 | 20140414131846.0 | ||
| 008 | 001109s19uu xx 00 eng d | ||
| 020 | _a0-431-00944-9 | ||
| 050 |
_aM 362.11 _bB15 1991 |
||
| 100 | _aBailey, Donna | ||
| 245 |
_aHospital work / _cDonna Bailey. |
||
| 260 |
_aOxford : _bHeinemann Children's Reference, _c1991. |
||
| 300 | _a48 p. : ill. ; cm. | ||
| 650 | _aHospitals. | ||
| 999 |
_c109948 _d109948 |
||